The Thief Lord / (Record no. 4893)

MARC details
000 -LEADER
fixed length control field 00992nam a22002897a 4500
001 - CONTROL NUMBER
control field 4893
003 - CONTROL NUMBER IDENTIFIER
control field FISKH
005 - DATE AND TIME OF LATEST TRANSACTION
control field 20241023104458.0
008 - FIXED-LENGTH DATA ELEMENTS--GENERAL INFORMATION
fixed length control field 241023b cb ||||| |||| 00| 0 eng d
020 ## - INTERNATIONAL STANDARD BOOK NUMBER
International Standard Book Number 9780545227704
040 ## - CATALOGING SOURCE
Original cataloging agency FISKH
Language of cataloging eng
Transcribing agency FISKH
Modifying agency FISKH
050 ## - LIBRARY OF CONGRESS CALL NUMBER
Classification number PZ7.F96624
082 ## - DEWEY DECIMAL CLASSIFICATION NUMBER
Classification number 833.914
100 ## - MAIN ENTRY--PERSONAL NAME
Personal name Funke, Cornelia
245 ## - TITLE STATEMENT
Title The Thief Lord /
Statement of responsibility, etc. by Cornelia Funke
250 ## - EDITION STATEMENT
Edition statement This edition first printing, May 2010
260 ## - PUBLICATION, DISTRIBUTION, ETC.
Place of publication, distribution, etc. New York :
Name of publisher, distributor, etc. Scholastic ;
Date of publication, distribution, etc. 2000 .
300 ## - PHYSICAL DESCRIPTION
Extent 349 pages :
Other physical details illustrations , maps ;
Dimensions 20 cm .
505 ## - FORMATTED CONTENTS NOTE
Formatted contents note R <br/>
520 ## - SUMMARY, ETC.
Summary, etc. Two brothers, having run away from the aunt who plans to adopt the younger one, are sought by a detective hired by their aunt, but they have found shelter with--and protection from--Venice's "Thief Lord."
521 8# - TARGET AUDIENCE NOTE
Target audience note 700 <br/>
Source Lexile <br/>
521 8# - TARGET AUDIENCE NOTE
Target audience note R <br/>
Source Raz-Plus <br/>
650 ## - SUBJECT ADDED ENTRY--TOPICAL TERM
Topical term or geographic name entry element orphans
Form subdivision fiction
700 ## - ADDED ENTRY--PERSONAL NAME
Personal name Birmingham, Christian
Relator term illustrator
942 ## - ADDED ENTRY ELEMENTS (KOHA)
Source of classification or shelving scheme Dewey Decimal Classification
Koha item type Books
Suppress in OPAC No
Holdings
Withdrawn status Lost status Source of classification or shelving scheme Damaged status Not for loan Collection Home library Current library Shelving location Date acquired Total Checkouts Full call number Barcode Date last seen Date last checked out Price effective from Koha item type
    Dewey Decimal Classification     Fiction Footprints International School Library Network Toul Kork Campus Footprints International School Library Network Toul Kork Campus TTP Primary Orange Bookshelves 10/23/2024 1 FUN 833.914 PZ7.F96624 FIS00352 03/05/2025 03/03/2025 10/23/2024 Books